000 00968nam a22002897i 4500
003 URS
005 20220117120635.0
008 180515b xxu||||| |||| 00| 0 eng d
020 _a0534551939 (pbk. : alk. paper)
040 _aDLC
_erda
_cURS
_dDLC
_beng
050 0 0 _aHF5387
_b.S47 1999
100 1 _aShaw, William H.,
_d1948-
245 1 0 _aBusiness ethics /
_cWilliam H. Shaw.-
250 _aThird edition.-
264 1 _aBelmont, CA :
_bWadsworth Pub.,
_c[1999]
264 4 _c©1999
300 _axii, 436 pages :
_billustrations ;
_c24 cm
336 _atext
_btxt
_2rdacontent
337 _aunmediated
_bn
_2rdamedia
338 _avolume
_bnc
_2rdacarrier
504 _aIncludes bibliographical references and index.
650 0 _aBusiness ethics.
650 0 _aIndustries
_xSocial aspects.
906 _a7
_bcbc
_corignew
_d1
_eocip
_f19
_gy-gencatlg
942 _2lcc
_cFR
999 _c5081
_d5081